| 000 | 00963nam a2200229 a 4500 | ||
|---|---|---|---|
| 001 | 000021171 | ||
| 005 | 20200930011244.0 | ||
| 008 | 100901s1971 mx 000 0 spa d | ||
| 040 |
_aDO-SdBNP _bspa _cBNPHU |
||
| 082 |
_a951 _bS394c |
||
| 100 | 1 |
_aSchurmann, Franz. _944256 |
|
| 240 | 1 | 0 |
_aImperial China. The decline of the last dynasty and the origins of modern China. The 18th and 19th centuries. _lEspañol |
| 245 | 1 | 0 |
_aChina imperial : _bla decadencia de la última dinastía y los orígenes de la China moderna, siglos xviii y xix / _cFranz Schurmann y Orville Schel ; traducción Juan José Utrilla. |
| 260 |
_aMéxico : _bFondo de Cultura Económica, _c1971. |
||
| 300 |
_a382 p. ; _c17 cm. |
||
| 490 | 1 |
_aPopular _v105 |
|
| 650 | 4 |
_aChina _xHistoria _ySIGLO XVIII _944257 |
|
| 650 | 4 |
_aChina _xPolítica y gobierno _ySIGLO XVIII _944258 |
|
| 700 | 1 |
_aUtrilla, Juan José, _etr. _944259 |
|
| 700 | 1 |
_aSchel, Orville. _944260 |
|
| 830 | 0 |
_aPopular, _v105 _913374 |
|
| 999 |
_c20672 _d20672 |
||